Materials for engineers / (Record no. 33574)

000 -LEADER
fixed length control field 01394cam a2200361 a 4500
001 - CONTROL NUMBER
control field 15185614
003 - CONTROL NUMBER IDENTIFIER
control field OSt
005 - DATE AND TIME OF LATEST TRANSACTION
control field 20211004113029.0
008 - FIXED-LENGTH DATA ELEMENTS--GENERAL INFORMATION
fixed length control field 080219s2008 enka b 001 0 eng
010 ## - LIBRARY OF CONGRESS CONTROL NUMBER
LC control number 2008007734
015 ## - NATIONAL BIBLIOGRAPHY NUMBER
National bibliography number GBA880287
Source bnb
016 7# - NATIONAL BIBLIOGRAPHIC AGENCY CONTROL NUMBER
Record control number 014651968
Source Uk
020 ## - INTERNATIONAL STANDARD BOOK NUMBER
International Standard Book Number 9780521758857
035 ## - SYSTEM CONTROL NUMBER
System control number (OCoLC)196313513
035 ## - SYSTEM CONTROL NUMBER
System control number (OCoLC)ocn196313513
038 ## - RECORD CONTENT LICENSOR
Staff Name Khadija
040 ## - CATALOGING SOURCE
Original cataloging agency DLC
Transcribing agency DLC
Modifying agency BAKER
-- BTCTA
-- YDXCP
-- UKM
-- C#P
-- BWX
-- CDX
-- DLC
050 00 - LIBRARY OF CONGRESS CALL NUMBER
Classification number TA403
Item number .H627 2009
082 00 - DEWEY DECIMAL CLASSIFICATION NUMBER
Classification number 620.11
Edition number 22
Author Mark HOS
100 1# - MAIN ENTRY--PERSONAL NAME
Personal name Hosford, William F.
9 (RLIN) 58856
245 10 - TITLE STATEMENT
Title Materials for engineers /
Statement of responsibility, etc. William F. Hosford.
260 ## - PUBLICATION, DISTRIBUTION, ETC.
Place of publication, distribution, etc. Cambridge ;
-- New York :
Name of publisher, distributor, etc. Cambridge University Press,
Date of publication, distribution, etc. 2008.
300 ## - PHYSICAL DESCRIPTION
Extent xv, 278 p. :
Other physical details ill. ;
Dimensions 27 cm.
504 ## - BIBLIOGRAPHY, ETC. NOTE
Bibliography, etc. note Includes bibliographical references and index.
563 ## - BINDING INFORMATION
Binding note PB
650 #0 - SUBJECT ADDED ENTRY--TOPICAL TERM
Topical term or geographic name entry element Materials
Form subdivision Textbooks.
9 (RLIN) 18866
856 42 - ELECTRONIC LOCATION AND ACCESS
Materials specified Contributor biographical information
Uniform Resource Identifier <a href="http://www.loc.gov/catdir/enhancements/fy0811/2008007734-b.html">http://www.loc.gov/catdir/enhancements/fy0811/2008007734-b.html</a>
856 42 - ELECTRONIC LOCATION AND ACCESS
Materials specified Publisher description
Uniform Resource Identifier <a href="http://www.loc.gov/catdir/enhancements/fy0811/2008007734-d.html">http://www.loc.gov/catdir/enhancements/fy0811/2008007734-d.html</a>
856 41 - ELECTRONIC LOCATION AND ACCESS
Materials specified Table of contents only
Uniform Resource Identifier <a href="http://www.loc.gov/catdir/enhancements/fy0811/2008007734-t.html">http://www.loc.gov/catdir/enhancements/fy0811/2008007734-t.html</a>
906 ## - LOCAL DATA ELEMENT F, LDF (RLIN)
a 7
b cbc
c orignew
d 1
e ecip
f 20
g y-gencatlg
942 ## - ADDED ENTRY ELEMENTS (KOHA)
Source of classification or shelving scheme
Koha item type Book
Holdings
Withdrawn status Lost status Source of classification or shelving scheme Damaged status Not for loan Permanent Location Current Location Shelving location Date acquired Full call number Barcode Date last seen Price effective from Koha item type Public note
          School of Mechanical & Manufacturing Engineering (SMME) School of Mechanical & Manufacturing Engineering (SMME) General Stacks 05/06/2016 620.11 HOS SMME-2673 04/05/2018 05/06/2016 Book Rack,40-Shelf,2
© 2023 Central Library, National University of Sciences and Technology. All Rights Reserved.